[Event "Reykjavik Olafsson"]
[Site "Reykjavik"]
[Date "1995.??.??"]
[Round "11"]
[White "Petursson, Margeir"]
[Black "Polgar, Sofia"]
[Result "1-0"]
[WhiteElo "2565"]
[BlackElo "2485"]
[Annotator "Ribli,Z"]
[PlyCount "53"]
[EventDate "1995.09.??"]
[EventType "tourn"]
[EventRounds "11"]
[EventCountry "ISL"]
[EventCategory "11"]
[SourceTitle "CBM 049"]
[Source "ChessBase"]
[SourceDate "1995.12.01"]
[SourceVersion "1"]
[SourceVersionDate "1995.12.01"]
[SourceQuality "1"]

1. c4 {Petursson} e5 2. Nc3 Bb4 3. Nd5 a5 4. a3 Bc5 5. e3 Nf6 (5... Ne7 {
Petursson Olafsson,H-Polgar,Zsofia, Reykjavík 1995}) 6. Nc3 $5 {Das ist
offenbar eine Neuerung.} (6. d4 Nxd5 7. cxd5 exd4 8. exd4 Be7 9. Bd3 d6 {
Danielian,O-Maljutin,E/Jurmala,E/1991/CBM28/}) 6... O-O (6... d5 7. cxd5 Nxd5
8. Nf3 Nc6 9. Qc2 $14 {Eine sehr bequeme sizilianische Stellung.} (9. Bb5 $5))
7. d4 exd4 8. exd4 Re8+ (8... Ba7 9. Nb5 d6 10. Nxa7 Rxa7 11. Be2 $14) 9. Be2
Bf8 10. Nf3 d5 (10... d6 $5) 11. O-O h6 (11... dxc4 $2 12. Bxc4 $40 {>< f7})
12. h3 b6 (12... c6 $5) (12... c6 {Petursson}) 13. Ne5 $1 c5 (13... Bb7 14. Bf3
$14) 14. Be3 {Weisse Leichtfiguren stehen sehr aktiv, waehrend seine Kollegen
an die achten Reihe (ausnahme Nf6) placieren.} dxc4 15. Bxc4 Be6 16. dxc5 Qc7 {
Schwarz versucht im Trueben zu fischen.} (16... Bxc5 17. Bxe6 fxe6 18. Bxc5
bxc5 $16 {Die schwarze Bauernstuktur sieht sehr tragisch aus.}) 17. Bxe6 Qxe5 (
17... Rxe6 18. Qf3 $18 (18. Nd3 $14 {Petursson})) 18. Bd5 $1 Ra7 (18... Nxd5
19. Qxd5 Qxd5 20. Nxd5 $18) 19. Bd4 $1 {Nach diesem kleinen Zwischenzug ist
Schwarz hilflos.} Qf4 20. cxb6 Rd7 21. g3 Qf5 22. Bxf6 Qxf6 23. b7 Qf5 24. Qf3
Qxh3 25. Rfe1 Red8 26. Be4 g6 27. Nd5 $1 {Droht Nf6 oder Nf4 auch. Ribli} 1-0

[Event "URS-sf Ukraine-ch"]
[Site "Kherson"]
[Date "1989.??.??"]
[Round "?"]
[White "Neverov, Valeriy"]
[Black "Foygel, Igor"]
[Result "0-1"]
[WhiteElo "2475"]
[BlackElo "2370"]
[Annotator "Ribli,Z"]
[PlyCount "74"]
[EventDate "1989.11.??"]
[EventType "tourn"]
[EventRounds "15"]
[EventCountry "URS"]
[EventCategory "7"]
[SourceTitle "CBM 016"]
[Source "ChessBase"]
[SourceDate "1990.06.01"]
[SourceVersion "1"]
[SourceVersionDate "1990.06.01"]
[SourceQuality "1"]

1. d4 d6 2. c4 e5 3. Nf3 e4 4. Ng5 (4. Nfd2 f5 5. Nc3 Nf6 6. e3 c5 $5 7. Be2
Nc6 8. d5 Ne5 9. f4 exf3 10. Nxf3 Nfg4 11. O-O Be7 12. Nxe5 Nxe5 13. e4 O-O 14.
Bf4 $6 {Lukin 14.Be3 =} Ng6 15. exf5 Nxf4 16. Rxf4 Bxf5 17. Bd3 Bxd3 18. Rxf8+
Qxf8 19. Qxd3 Bf6 {Lputjan-Lukin  Blagovescensk 1988 46/(20)  =/+}) 4... f5 5.
Nc3 c6 $5 (5... Be7 $6 6. Nh3 Nf6 7. e3 O-O 8. Be2 c6 9. O-O Na6 (9... Kh8 10.
f3 d5 11. Qb3 Na6 12. Bd2 Nc7 13. cxd5 cxd5 14. Rac1 {Pinter-Mokry  Dubai olm
1986 42/18  +/=}) 10. Bd2 Kh8 11. f3 exf3 12. Bxf3 Nc7 13. d5 cxd5 14. cxd5 Nd7
15. Nf4 Ne5 16. Be2 {Eingorn-Zaichik  Harkov 1985 40/32  +/=}) (5... Nf6 6. h4
Nc6 7. Nh3 g6 8. e3 Bh6 $6 (8... Bg7 9. Nf4 O-O 10. Rb1 Qe8 11. b4 a6 12. a4
Nd8 {Stone-Christiansen  Saint John op 1988 45/(20)  =}) 9. g3 Ne7 10. b3 Be6 {
Salov-Timman  Saint John m/1 1988 45/20 11.d5!,Bf7 12.Bb2,Bg7 13.Nb5! ><e6 +/-
Salov}) 6. Nh3 (6. Qb3 Na6 7. Bd2 Nc7 8. g4 $2 Be7 9. h4 h6 10. Nh3 Ne6 11. Be3
fxg4 12. Nf4 Nxf4 13. Bxf4 Nf6 14. Bg2 O-O 15. e3 Be6 $1 {Lev-Miles  Lugano
1989 47/25  -/+}) 6... Na6 (6... Nf6 7. Bg5 h6 8. Bxf6 Qxf6 9. e3 g5 10. Qh5+
Qf7 11. Qxf7+ Kxf7 12. g4 Nd7 $1 13. gxf5 Nf6 {Uhlmann-Sax  Szirak 1985 40/33 
=}) 7. f3 Nf6 8. fxe4 (8. Bg5 Be7 9. e3 O-O 10. Qd2 Nc7 11. O-O-O d5 12. Kb1
Be6 {Gulko-Speelman  Thessaloniki olm 1988 46/21  =}) 8... fxe4 9. Bg5 Be7 10.
e3 O-O 11. Nf2 Nd5 $5 (11... d5 12. cxd5 cxd5 13. Qb3 {/\ Bxf6, Nxd5,Qxd5,Nxe4}
) 12. Bxe7 Nxe7 13. Nfxe4 Nf5 14. Qd2 d5 15. cxd5 cxd5 16. Bxa6 $1 bxa6 17. Ng3
Nxe3 $1 18. Qxe3 Re8 19. Nge4 Bf5 20. O-O Bxe4 {=} 21. Qd2 Qd6 22. Na4 Re6 23.
Nc5 Rg6 24. Rf2 Rf8 25. Raf1 Rxf2 26. Rxf2 h6 27. Qe3 Rg4 28. h3 Rh4 29. Qb3
Kh7 30. Qb7 Bg6 31. Nd7 Rf4 32. Ne5 Rxf2 33. Kxf2 Qf6+ 34. Ke3 $2 {34.Kg1 []}
Qg5+ 35. Kf2 Qd2+ 36. Kf1 Qd1+ 37. Kf2 Qxd4+ 0-1

[Event "Seville op"]
[Site "Seville"]
[Date "1992.??.??"]
[Round "4"]
[White "Danailov, Silvio"]
[Black "Illescas Cordoba, Miguel"]
[Result "1/2-1/2"]
[WhiteElo "2445"]
[BlackElo "2555"]
[Annotator "Ribli,Z"]
[PlyCount "71"]
[EventDate "1992.??.??"]
[EventType "swiss"]
[EventRounds "9"]
[EventCountry "ESP"]
[SourceTitle "CBM 029"]
[Source "ChessBase"]
[SourceDate "1992.08.01"]
[SourceVersion "1"]
[SourceVersionDate "1992.08.01"]
[SourceQuality "1"]

1. g3 e5 2. c4 f5 3. Bg2 Nf6 4. Nc3 Bb4 5. Qc2 (5. Nf3 Nc6 6. O-O e4 7. Ne1
Bxc3 8. bxc3 d6 9. d3 h6 10. f3 exd3 11. exd3 O-O $13 {Milos,G-Smyslov,V
Buenos Aires 1990 EXP/20}) (5. Qb3 $5) 5... Bxc3 6. Qxc3 d6 7. d4 (7. b4 O-O 8.
d3 $14 {Miralles}) 7... Qe7 8. dxe5 dxe5 9. Nf3 Nc6 10. O-O O-O 11. b3 Rd8 12.
Be3 $1 (12. Bb2 Nd4 $1) 12... a5 13. Rad1 Rxd1 14. Rxd1 Ne4 15. Qb2 a4 16. Nd2
$1 Nf6 17. Bxc6 $5 bxc6 18. Nf3 axb3 19. axb3 Nd7 (19... e4 20. Ne5 $16) 20.
Bg5 (20. Ra1 $1 $14) 20... Qe8 21. Bd2 e4 22. Nh4 Nf8 23. Bc3 Qe7 24. Qd2 Be6
25. Qd4 Rb8 26. Qe5 Qf7 27. b4 Re8 (27... Bxc4 $2 28. Nxf5 $18) 28. Qc5 f4 29.
Qxc6 g5 30. Ng2 Bxc4 31. Rd4 Bxe2 32. Rxe4 fxg3 33. hxg3 Bb5 $1 34. Qb7 c6 35.
Qxf7+ Kxf7 36. Rxe8 1/2-1/2

[Event "Katrineholm"]
[Site "Katrineholm"]
[Date "1995.??.??"]
[Round "?"]
[White "Cramling, Pia"]
[Black "Davies, Nigel Rodney"]
[Result "0-1"]
[WhiteElo "2510"]
[BlackElo "2505"]
[Annotator "Ribli,Z"]
[PlyCount "60"]
[EventDate "1995.04.??"]
[EventType "tourn"]
[EventRounds "9"]
[EventCountry "SWE"]
[EventCategory "9"]
[SourceTitle "CBM 049"]
[Source "ChessBase"]
[SourceDate "1995.12.01"]
[SourceVersion "1"]
[SourceVersionDate "1995.12.01"]
[SourceQuality "1"]

1. d4 {King} d6 2. c4 e5 3. Nf3 e4 4. Ng5 f5 5. Nc3 Be7 6. Nh3 c6 7. g3 Nf6 8.
Bg2 d5 {Eine Neuerung.} (8... Na6 9. O-O O-O 10. f3 Nc7 11. Qb3 Ne6 12. Be3 Kh8
13. Rad1 d5 $13 {Arencibia,J-Miles,A/Capablanca mem/1995/CBM48/}) 9. cxd5 cxd5
10. Bg5 {Logische Fortsetzung, die den d5-Bauern schwaechen will.} Nc6 11. Bxf6
(11. Nf4 $5 Ng8 $5 12. h4 h6 13. Bxe7 Ngxe7 14. e3 O-O 15. h5 $13) 11... Bxf6
12. e3 Be6 (12... O-O 13. Nf4 Ne7 14. Qb3 $16) 13. Nf4 Bf7 14. Qb3 O-O 15.
Nfxd5 $6 (15. Qxb7 $5 Qd6 16. O-O a6 (16... Rab8 17. Nb5 $1) 17. Qb3 Rfb8 18.
Qc2 g5 19. Nfe2 Nb4 20. Qd2 Nd3 21. b3 $13) 15... Kh8 $1 {Jetzt hat Weiss
Schwierigkeiten mit der Fesselung.} 16. Qb5 a6 17. Qc5 {[#]} Nxd4 $1 {Eine
kleine aber huebsche Kombination.} 18. exd4 (18. Nxf6 Nc2+ $17) 18... Rc8 19.
Qb4 Bxd5 20. Nxd5 Qxd5 {Rueckeroberung des Bauern und Vorteil fuer Schwarz,
der ein sehr gutes "Geschäft" abgeschlossen hat.} 21. O-O Rfd8 {Weiss kann den
d4-Bauern nicht mehr decken.} 22. Rac1 Bxd4 23. Rfd1 {Weiss hofft auf die
ungleichfarbigen Laeufer, aber dieser Remisfaktor greift nur im Endspiel- und
auf dem Brett ist ein Mittelspiel.} Rxc1 24. Rxc1 {King: In principle exactly
the same as Drasko-Tosic, with colours reversed. Black has permanent pressure
on f2 which cannot be parried. White decides to commit suicide instead of
suffering a long and painful defence.} a5 25. Qd2 Qxa2 26. Rc7 Qb3 27. Re7 Qb6
28. Qf4 Bc5 29. Qc7 Bxf2+ 30. Kf1 Rd1+ 0-1

[Event "Riga zt"]
[Site "Riga"]
[Date "1995.??.??"]
[Round "7"]
[White "Fridman, Daniel"]
[Black "Sulskis, Sarunas"]
[Result "1/2-1/2"]
[WhiteElo "2440"]
[BlackElo "2470"]
[Annotator "Ribli,Z"]
[PlyCount "80"]
[EventDate "1995.03.??"]
[EventType "tourn"]
[EventRounds "13"]
[EventCountry "LAT"]
[EventCategory "10"]
[SourceTitle "CBM 047"]
[Source "ChessBase"]
[SourceDate "1995.08.01"]
[SourceVersion "1"]
[SourceVersionDate "1995.08.01"]
[SourceQuality "1"]

1. c4 e5 2. Nc3 Bb4 3. Nd5 Be7 4. d4 d6 (4... exd4 $6 5. Qxd4 Nf6 6. Nxe7 Qxe7
7. Qe3 $1 $14 {Weiss hat ein Laeuferpaar und deswegen steht er guenstiger.
Alterman,B-Oratov- sky,M/Rishon le Zion YM/1995/CBM46/}) 5. e4 Nf6 (5... c6 6.
Nxe7 Qxe7 7. Ne2 f5 8. dxe5 Qxe5 9. exf5 Nf6 10. Qd4 $14 {Kasparov,G-Shirov,A/
Novgorod/1994/CBM43/INF61,15/}) 6. Nxe7 Qxe7 7. f3 Nh5 (7... exd4 8. Qxd4 Nc6
9. Qc3 O-O 10. Ne2 Nh5 11. g4 Qh4+ 12. Kd1 Nf6 13. Ng3 Be6 14. Be3 $14 {
Lalic,B-Shirov,A/Moscow olm/1994/CBM45/INF62,14/}) 8. Ne2 O-O 9. g4 $5 {
Eine Neuerung.} (9. Be3 exd4 $1 10. Bxd4 Nc6 $10 {Gulko,B-Granda Zuniga,J/
Moscow olm/1994/CBM45/INF62,13/}) 9... Qh4+ 10. Kd2 Nf6 11. Qe1 Qh6+ (11...
Qxe1+ 12. Kxe1 $14) 12. Kd1 Qg6 13. Rg1 {Weiss will alle Opfermoeglichkeit auf
e4 oder g4 verhindern.} Nfd7 14. d5 c6 15. Be3 cxd5 16. cxd5 Na6 17. Ng3 Ndc5
18. b4 Na4 19. Qd2 $1 {Ein sehr schlauer Zug.} f6 (19... Bd7 $2 20. Nf5 Rfe8 (
20... Bxf5 21. exf5 Qf6 22. Bg5 $18) 21. Nh4 Qf6 22. Bg5 $18) 20. Bb5 Nb6 21.
Nf5 $6 {Weiss sollte mit diesem Zug noch warten.} (21. Rc1 $1 $16 {Die
schwarze Stellung ist sehr unbequem.}) 21... Bxf5 22. gxf5 Qh5 23. Qg2 Rf7 24.
Bxa6 bxa6 25. Bxb6 axb6 26. Rc1 {Weiss hat das Laeuferpaar zurueckgegeben und
steht risikolos besser (offene c- und halboffene g-Linie)} Rd7 27. Rc6 Qf7 28.
Qc2 (28. a4 $5) 28... b5 29. Rg2 $6 (29. Rc8+ $5 Rd8 30. Rc7 Rd7 31. Qc6 Rad8
32. Rc8 $14) 29... h6 $1 30. Qc3 Kh7 31. Kc1 Qh5 32. Kb2 a5 $1 {Mit diesem
Bauernopfer kriegt der Nachziehende gute Gegenchancen.} 33. bxa5 b4 $1 34. Qxb4
Qxf3 35. Rgc2 Rda7 36. R6c3 Qf1 37. Rc1 Qe2+ 38. R1c2 Qf1 39. Rc1 Qe2+ 40. R1c2
Qf1 {Weiss hat eine riesige Stellung verspielt. Ribli} 1/2-1/2

[Event "FRA-chT Top 16 GpB"]
[Site "Port Barcares"]
[Date "2005.05.05"]
[Round "9"]
[White "Gozzoli, Yannick"]
[Black "Netzer, Jean"]
[Result "1-0"]
[WhiteElo "2433"]
[BlackElo "2384"]
[Annotator "Ribli,Z"]
[PlyCount "99"]
[EventDate "2005.05.04"]
[EventType "team"]
[EventRounds "11"]
[EventCountry "FRA"]
[SourceTitle "CBM 107"]
[Source "ChessBase"]
[SourceDate "2005.08.01"]
[SourceVersion "1"]
[SourceVersionDate "2005.08.01"]
[SourceQuality "1"]

1. c4 e5 2. Nc3 Bb4 {Diese Nebenvariante war vor ca. zehn Jahren populär. Der
Hauptvorteil des Läuferzugs besteht in der Vermeidung der theoretischen
Hauptvarianten.} 3. Nd5 Be7 4. d4 d6 5. e4 $5 c6 (5... Nf6 6. Nxe7 Qxe7 7. f3
exd4 8. Qxd4 Nc6 9. Qc3 O-O 10. Ne2 Ne8 $5 11. Nf4 f5 12. Nd5 Qf7 13. exf5 Bxf5
14. Be2 Nf6 15. Ne3 Be6 16. O-O Rae8 $13 {0-1 Zagorskis,D-Slapikas,V/Lithaunia
2003/EXT 2005 (34)}) 6. Nxe7 Qxe7 7. Nf3 $6 {Ein schablonenhafter Zug. Die
Entwicklung des Springer nach e2 ist viel stärker und flexibler, da der
Springer die Option erhält, nach c3 zu gehen.} (7. Ne2 $1 f5 (7... Nf6 8. Nc3
$5 (8. f3 d5 9. dxe5 Qxe5 10. Qc2 dxe4 11. Bf4 Qf5 12. O-O-O O-O 13. Qc3 c5 14.
g4 Qe6 15. Bd6 exf3 16. Nf4 Qxg4 17. Bd3 f2 {0-1 Smirin,I-Stisis,Y/Israel 1999/
EXT 2000 (32)}) 8... Na6 9. Be2 O-O 10. O-O h6 11. Be3 $14 {1/2-1/2 Hauchard,
A-Stisis,Y/Halkidiki 2002/ (52)}) 8. dxe5 (8. exf5 Bxf5 $6 9. dxe5 Qxe5 10. Qd4
$140 $16 Nd7 11. Bf4) 8... Qxe5 9. exf5 Nf6 10. Qd4 $1 Bxf5 11. Bf4 Qa5+ $1 12.
Qc3 Qxc3+ 13. Nxc3 O-O 14. O-O-O $14 {1-0 Kasparov,G-Shirov,A/Novgorod 1994/
(37)}) 7... Nf6 8. Bd3 Bg4 $6 (8... exd4 $1 9. Nxd4 (9. O-O Bg4 $15 (9... c5
10. e5 dxe5 11. Nxe5 $44)) 9... d5 (9... Nxe4 10. O-O $44) 10. O-O dxe4 11. Re1
O-O 12. Bg5 Qc5 (12... Qe5 13. Bxf6 Qxf6 14. Rxe4 (14. Bxe4 Rd8 15. Bc2 Be6 16.
Qd3 Qxd4 17. Qxh7+ Kf8 18. Rad1 Qb6 19. Qh8+ Ke7 20. Qh4+ f6 21. Qg4 $18) 14...
Nd7 $11) 13. Bxf6 exd3 14. Be5 Qxc4 15. Rc1 Qd5 16. Qxd3 Nd7 $15) 9. d5 Nbd7
10. h3 Bh5 (10... Bxf3 11. Qxf3) 11. Qe2 Nc5 12. Bb1 (12. Bc2) 12... cxd5 13.
cxd5 Bxf3 $6 (13... O-O 14. O-O a5 $11) 14. Qxf3 a5 15. h4 Nfd7 16. Bg5 $5 {
Mit diesem Zug provoziert Weiß die Schwächung des schwarzen Königsflügels.} f6
17. Be3 O-O 18. g4 Kh8 (18... b5 $5 19. Qe2 b4 20. Bd3 Nxd3+ 21. Qxd3 Rfc8) 19.
Qe2 a4 20. f3 Rfb8 21. Kf2 b5 22. Bd3 b4 (22... Nxd3+ 23. Qxd3 Nc5 24. Qd2 b4
25. Rac1 $14) (22... Rb7 $5 23. b4 (23. Bxb5 $2 Rab8) 23... axb3 24. axb3 Nxd3+
25. Qxd3 Rc8) (22... Ra7 $5) 23. Rac1 Qd8 24. Bb5 $14 {[%csl Yc6][%cal Gb5c6]}
Ra5 25. Bc6 {[%csl Gc6] Der Läufer steht ausgezeichnet auf c6.} Rb6 26. Rc4 {
[%csl Gc6,Ge3][%cal Gh1c1,Gc1c5] Das Läuferpaar ist aktiv und die schwarzen
Bauern am Damenflügel sind angreifbar.} Nb8 27. Rhc1 Nxc6 28. dxc6 Rxc6 29.
Rxb4 h6 30. Qd2 {[%csl Yd5][%cal Gd2d5] Weiß hat die bessere Bauernstruktur
und das aktivere Figurenspiel. Die Dame zielt auf das d5-Feld.} Ra8 31. Rbc4 (
31. Bxc5 dxc5 32. Qxd8+ Rxd8 33. Rxa4 Rd2+ 34. Ke3 Rxb2 35. Ra8+ Kh7 36. h5 $14
) 31... Rac8 32. Qd5 (32. Bxc5 Rxc5 (32... dxc5 33. Qxd8+ Rxd8 34. Ke3 $16) (
32... Qe8 33. Rxa4 Rxc5 34. Rxc5 Rxc5 35. Ra6 Qc8 36. Rxd6 Kh7 37. Rd8 $16) 33.
Rxc5 dxc5 34. Qxd8+ Rxd8 35. Ke2 (35. Rxc5 Rd2+ 36. Kg3 Rxb2) 35... Rb8 36. Rc2
$11) 32... Qb6 33. R1c2 Qb5 34. Kg2 Kh7 35. g5 $1 {[%mdl 128] Der Damenflügel
wird von Schwarz sicher verteidigt, somit eröffnet Weiß die zweite Front am
Königsflügel.} hxg5 36. hxg5 fxg5 37. Kg1 {[%cal Gc2h2,Gh2h7] Mit diesem
stillem Zug öffnet Weiß die h-Linie für seinen Turm.} Qb7 38. Rh2+ Kg6 39. Rg2
Qd7 {Die Dame geht zurück, um die weiße Dame mit Qe6 zu neutralisieren.} 40.
Rxg5+ Kh7 41. Rh5+ Kg6 42. Rg5+ Kh7 43. Rc2 $16 {[%csl Gc2,Gg5,Rh7][%cal Rc2h2,
Rh2h7]} Qe6 44. Rcg2 R8c7 45. f4 $1 (45. Qxc6 Rxc6 46. Rxg7+ Kh8 47. R7g6 Qxg6
48. Rxg6 Nd3 49. b3 axb3 50. axb3 Rc3 51. Rxd6 Rxb3 $14) 45... exf4 46. Qxc6 $1
{[%mdl 512] Eine sehr schöne Kombination, mit der Weiß einen Mattangriff
erhält.} Rxc6 47. Rxg7+ Kh8 48. Bd4 $18 {[%csl Gd4,Rh8][%cal Rd4h8] Weiß hat
nur Turm gegen Dame, aber der schwarze König ist im Mattnetz gefangen.} Qe5 49.
Bxe5 dxe5 50. R7g5 1-0

[Event "Pamplona 9293 3rd"]
[Site "Pamplona"]
[Date "1992.??.??"]
[Round "9"]
[White "Lautier, Joel"]
[Black "Romero Holmes, Alfonso"]
[Result "1-0"]
[WhiteElo "2580"]
[BlackElo "2470"]
[Annotator "Ribli,Z"]
[PlyCount "63"]
[EventDate "1992.12.??"]
[EventType "tourn"]
[EventRounds "9"]
[EventCountry "ESP"]
[EventCategory "13"]
[SourceTitle "CBM 033"]
[Source "ChessBase"]
[SourceDate "1993.04.01"]
[SourceVersion "1"]
[SourceVersionDate "1993.04.01"]
[SourceQuality "1"]

1. c4 e5 2. Nc3 d6 3. d4 exd4 4. Qxd4 Nf6 (4... Nc6 5. Qd1 (5. Qd2 $5) 5... g6
6. Nf3 Bg7 7. Bg5 Nge7 8. Nd5 f5 9. e3 h6 10. Bf6 Bxf6 11. Nxf6+ Kf7 12. Nd5
Ne5 13. Nd4 $14 {Sokolov,I-Topalov,V Elenite 1992 CBM/32 55/20}) 5. Bg5 $5 Nc6
(5... Be7 6. Nf3 O-O 7. e3 Nc6 8. Qd2 Bf5 9. Bd3 Bxd3 10. Qxd3 h6 11. Bh4 Re8
12. O-O-O $6 a5 13. Rhg1 a4 $36 {Boensch,U-Kosten,A Budapest Noviki-A 1989 CBM/
15}) 6. Qd2 Be6 7. e4 h6 8. Be3 Ne5 9. b3 Neg4 10. Bd4 (10. Bf4 Nh5 $13) 10...
c5 11. Bxf6 Nxf6 12. Nge2 $1 g6 13. g3 Bg7 14. Bg2 O-O 15. Rd1 $1 a6 (15... Qa5
16. Nb5 $1 Qxd2+ 17. Rxd2 $16) 16. Qxd6 Qa5 17. Qd2 b5 (17... Rfd8 18. Nd5 $1
$16) 18. Nd5 Qxd2+ 19. Rxd2 Rab8 20. O-O bxc4 21. bxc4 Nd7 22. f4 $16 a5 23. e5
f6 24. Nc7 $1 Bxc4 25. Rxd7 Bxe2 26. Re1 fxe5 (26... Bg4 27. e6 $18) 27. Bd5+
Kh8 28. Rxe2 exf4 29. Ree7 f3 30. Bxf3 $1 Bd4+ 31. Kg2 Rb2+ 32. Kh3 1-0

[Event "Tan Chin Nam Cup 6th"]
[Site "Beijing"]
[Date "2000.07.17"]
[Round "9"]
[White "Onischuk, Alexander"]
[Black "Adianto, Utut"]
[Result "1-0"]
[WhiteElo "2627"]
[BlackElo "2583"]
[Annotator "Ribli,Z"]
[PlyCount "59"]
[EventDate "2000.07.03"]
[EventType "tourn"]
[EventRounds "9"]
[EventCountry "CHN"]
[EventCategory "16"]
[SourceTitle "CBM 078"]
[Source "ChessBase"]
[SourceDate "2000.10.18"]
[SourceVersion "1"]
[SourceVersionDate "2000.10.18"]
[SourceQuality "1"]

1. c4 e5 2. Nc3 Bb4 3. Qc2 {Dieser Zug ist ein wenig genügsam - 3.Nd5 wäre die
prinzipielle Alternative.} (3. Nd5) 3... Nf6 4. Nf3 (4. a3) 4... Nc6 (4... Qe7
$5) 5. Nd5 {Dieser Zug ist für viele Varianten der Englischen Eröffnung
typisch. Weiß hat starke Kontrolle über das Feld d5.} a5 {Auch dieser
Sicherungszug ist typisch - im Falle von Nxb4 erhält Schwarz nach axb4 eine
angenehme Stellung.} (5... Bc5 6. e3 d6 7. a3 a5 8. Nxf6+ Qxf6 9. Bd3 Qe6 10.
Be4 f5 11. Bd5 Qe7 12. d4 exd4 13. O-O d3 14. Bxc6+ bxc6 15. Qxd3 a4 16. Nd4
Qe4 17. Qc3 O-O 18. b4 axb3 19. Nxb3 Be6 {1/2-1/2 Stanec,N-Landa,K/Vienna 1995/
EXT 98 (48)}) (5... Bd6 6. e3 Nxd5 7. cxd5 Ne7 8. Bc4 O-O 9. O-O b5 10. Bxb5
Nxd5 11. d4 exd4 12. Nxd4 Bb7 13. Nf5 Be5 14. f4 Bf6 15. e4 a6 16. Ba4 Nb6 17.
Bb3 d6 18. Bd2 Re8 19. Rae1 a5 20. e5 dxe5 21. fxe5 Rxe5 22. Rxe5 Bxe5 23. Nh6+
gxh6 24. Rxf7 {[Libeau]. 1-0 Libeau,R-Kalinitschew,S/Muenster 1991/EXT 97 (54)}
) 6. g3 {Das ist eine logische Strategie - Weiß schert sich nicht um den Bb4,
sondern entwickelt den Königsläufer. Der Bb4 steht in der Tat ein wenig
außerhalb des Geschehens.} (6. a3 Bc5 7. e3 d6 8. Bd3 Nxd5 9. cxd5 Ne7 10. Nxe5
dxe5 11. Qxc5 Qxd5 12. Qxd5 Nxd5 13. b3 f6 14. Bb2 Be6 15. Rc1 O-O-O 16. Bc2 b6
17. h4 h5 {0-1 Ye Rongguang-Rausis,I/Copenhagen 1995/CBM 48 (65)}) (6. e3 d6 7.
Nxf6+ Qxf6 8. Bd3 Qh4 9. a3 Bc5 10. Be4 Qh5 11. d4 exd4 12. Bxc6+ bxc6 13. exd4
Bb6 14. Qe4+ Kd7 15. Be3 Re8 16. Qc2 Qg6 {0-1 Shpilker,B-Khenkin,I/Muenster
1997/CBM 60 ext (36)}) 6... O-O 7. Bg2 d6 (7... Nxd5 8. cxd5 Nd4 9. Nxd4 exd4
10. O-O $14 {[%csl Rd4] Der Pd4 ist gefährdet, und der weiße Druck auf der
c-Linie ist unangenehmer als der schwarze auf der e-Linie.}) 8. O-O Re8 (8...
h6 $5 $11 {Mit diesem Zug verhindert Schwarz den Zug Ng5.}) 9. Ng5 $5 {[%cal
Gc2h7]} g6 (9... Nd4 $2 10. Nxf6+ Qxf6 11. Qxh7+ Kf8 12. Qh5 {[%cal Rg5h7,
Rh7f6,Rh7f8,Gh5e2]} Nxe2+ 13. Qxe2 Qxg5 14. a3 Bc5 15. d4 $18 {[%cal Rd4c5,
Rc1g5]}) 10. Nxf6+ Qxf6 11. Ne4 Qe7 (11... Qe6 $6 12. d3 $14) 12. d3 (12. a3
Nd4 13. Qd1 Bc5 14. d3 (14. e3 Ne6 15. Nxc5 dxc5 (15... Nxc5 16. d4 $14) 16. b3
$14)) 12... Nd4 13. Qd1 Ne6 14. a3 Bc5 15. Nxc5 dxc5 $6 {[%mdl 16384]} (15...
Nxc5 $11 {Weiß hat das Läuferpaar, aber die schwarze Stellung ist solide.
Schwarz droht Raumgewinn mit a5-a4, und für den Fall von 16.b3 kann Schwarz
mit 16...e4 fortsetzen.}) 16. b3 $14 {Weiß besitzt das Läuferpaar und die
bessere Bauernstruktur.} Ra6 {[%cal Ga6b6,Gb6b3] Mit diesem Zug Schwarz
moechte den b3-Bauern angreifen.} (16... Rd8 $14) 17. Bb2 Qd6 18. e3 $5 {
Diese Fortsetzung schwächt zwar den Pd3, aber Weiß möchte die Dame befreien
und den Zug Nd4 verhindern. Das schwarze Gegenspiel gegen die Bauern d3 und b3
ist - in dieser Partie - weniger gefährlich.} Rd8 19. Qc1 {[%cal Gc1c3]} Rb6 (
19... Qxd3 $5 20. Bxe5 Rb6 $132 21. Bd5 Rxd5 22. cxd5 Qxd5 $44) (19... a4) 20.
Qc3 f6 (20... Qxd3 $2 21. Qxe5 $18) 21. Rad1 {Alle Schwachpunkte in der weißen
Stellung sind ausreichend verteidigt, nun kann Weiß die Stellung mit f4
erfolgreich öffnen.} Ng7 (21... Ng5 22. f4 Nh3+ 23. Kh1 $14) 22. f4 $1 $16 {
[%mdl 128] Das ist logisch - Weiß möchte die Stellung für sein Läuferpaar
öffnen. Schwarz hat kein Gegenspiel.} Bg4 $6 (22... exf4 23. Rxf4 Nf5 24. Bd5+
Kg7 25. Rdf1 $16 {[%cal Gb2g7,Gf1f6]}) 23. Bd5+ Kh8 24. fxe5 fxe5 {[#]} 25.
Qxe5 $1 {Dieses vorübergehende Opfer entscheidet die Partie.} Qxe5 26. Bxe5
Bxd1 27. Bxc7 $18 {[%cal Rc7b6,Rc7d8] Schwarz hat nichts weniger, sondern
einen Turm mehr, aber es hängt jetzt alles in seiner Stellung.} Be2 (27... Rbd6
28. Bxd6 Rxd6 29. Rf8#) 28. Bxd8 Bxf1 29. Bxb6 {Weiß hat zwei Bauern mehr,
zudem hängen die schwarzen Bauern am Damenflügel.} Bxd3 30. Bxc5 1-0